[Event "FIDE World Bl Team Pool C"]
[Site "London ENG"]
[Date "2025.06.14"]
[Round "8.2"]
[White "Shogdzhiev, Roman"]
[Black "Beknazarov, Emir"]
[Result "1-0"]
[WhiteTitle "FM"]
[WhiteElo "2402"]
[BlackElo "1878"]
[WhiteTeam "Rookies"]
[BlackTeam "Youth KG"]
[WhiteFideId "55653537"]
[BlackFideId "13816063"]
[EventDate "2025.06.14"]
[EventType "team"]

1. e4 c6 2. d4 d5 3. e5 Bf5 4. Nf3 e6 5. Be2 Ne7 6. c3 c5 7. dxc5 Ng6 8. Nd4 Be4
9. f3 Bxb1 10. Rxb1 Nxe5 11. b4 Be7 12. O-O O-O 13. Be3 Nbc6 14. Qd2 Bf6 15.
Rbd1 Nxd4 16. cxd4 Nc4 17. Bxc4 dxc4 18. Rc1 Qd5 19. Qc3 b5 20. a4 a6 21. Rfd1
Rfd8 22. axb5 axb5 23. Ra1 g6 24. Rxa8 Rxa8 25. Ra1 Kg7 26. Rxa8 Qxa8 27. h4 Qd5
28. Bf2 e5 29. dxe5 Bxe5 30. Qc2 h5 31. Qe4 Qd1+ 32. Be1 Bc3 33. Kf2 Bxe1+ 34.
Qxe1 Qd4+ 35. Qe3 Qb2+ 36. Kg3 Qxb4 37. Qe5+ 1-0

[Event "FIDE World Bl Team Pool C"]
[Site "London ENG"]
[Date "2025.06.14"]
[Round "8.3"]
[White "Kurbanbaev, Zalkar"]
[Black "Akhilbay, Imangali"]
[Result "1-0"]
[BlackTitle "FM"]
[WhiteElo "2119"]
[BlackElo "2385"]
[WhiteTeam "Youth KG"]
[BlackTeam "Rookies"]
[WhiteFideId "13808524"]
[BlackFideId "13734857"]
[EventDate "2025.06.14"]
[EventType "team"]

1. e4 e6 2. d4 d5 3. Nd2 c5 4. exd5 Qxd5 5. Ngf3 cxd4 6. Bc4 Qd7 7. O-O Nc6 8.
Nb3 Nf6 9. Nbxd4 Nxd4 10. Nxd4 a6 11. a4 Bd6 12. h3 O-O 13. Re1 Qc7 14. Bd3 h6
15. Qf3 Be5 16. Qe3 Bd6 17. Qf3 Rd8 18. c3 Be5 19. Qe3 Bxd4 20. cxd4 Bd7 21. Bd2
Bc6 22. Bc3 Nd5 23. Qe4 Nf6 24. Qh4 Rd5 25. Re5 Rad8 26. Bc2 Qb6 27. a5 Qc7 28.
Rc1 Kf8 29. Qg3 Rxe5 30. Bb4+ Kg8 31. dxe5 Nd5 32. Bd6 Qxa5 33. Qd3 g6 34. b4
Qb6 35. Qg3 Kh7 36. Qf3 Rd7 37. Qg3 Nxb4 38. Rb1 a5 39. Bb3 Nd5 40. Bc2 Nb4 41.
Qf4 Qa6 42. Bf8 Nd5 43. Qxh6+ 1-0

[Event "FIDE World Bl Team Pool C"]
[Site "London ENG"]
[Date "2025.06.14"]
[Round "8.4"]
[White "Nurman, Alua"]
[Black "Keneshbekov, Elim"]
[Result "1/2-1/2"]
[WhiteTitle "WGM"]
[BlackTitle "CM"]
[WhiteElo "2339"]
[BlackElo "1883"]
[WhiteTeam "Rookies"]
[BlackTeam "Youth KG"]
[WhiteFideId "13729390"]
[BlackFideId "13816772"]
[EventDate "2025.06.14"]
[EventType "team"]

1. e4 c5 2. Nf3 e6 3. d4 cxd4 4. Nxd4 Nc6 5. Nc3 Qc7 6. Be2 a6 7. O-O Nf6 8. Be3
d6 9. f4 Be7 10. Qe1 O-O 11. Qg3 Bd7 12. Kh1 b5 13. a3 Na5 14. Rae1 Nc4 15. Bc1
Qb6 16. Rd1 Rac8 17. e5 Nd5 18. Nf5 exf5 19. Nxd5 Qd8 20. b3 Nb6 21. Nxe7+ Qxe7
22. Rxd6 Na8 23. Bd3 Nc7 24. Bb2 Be6 25. Rd1 Rfd8 26. h3 g6 27. Bf1 Ne8 28. R6d2
Rxd2 29. Rxd2 Ng7 30. Be2 Qc5 31. Kh2 h5 32. b4 Qc7 33. Qd3 Bc4 34. Qe3 Ne6 35.
Bf3 Rd8 36. Rd6 Rxd6 37. exd6 Qxd6 38. Be5 Qd7 39. Qb6 Bd5 40. Qb8+ Nf8 41. Bd6
Bxf3 42. Qxf8+ Kh7 43. gxf3 g5 44. Be5 Qd2+ 45. Kg1 Qe1+ 46. Kg2 Qe2+ 47. Kg1
Qe1+ 1/2-1/2

[Event "FIDE World Bl Team Pool C"]
[Site "London ENG"]
[Date "2025.06.14"]
[Round "8.5"]
[White "Sezdbekova, Aizhan"]
[Black "Suleimen, Ergali"]
[Result "0-1"]
[WhiteTitle "WCM"]
[BlackTitle "FM"]
[WhiteElo "1884"]
[BlackElo "2302"]
[WhiteTeam "Youth KG"]
[BlackTeam "Rookies"]
[WhiteFideId "13803590"]
[BlackFideId "13724452"]
[EventDate "2025.06.14"]
[EventType "team"]

1. e4 c5 2. Nf3 d6 3. c3 Nf6 4. Bd3 Nc6 5. Bc2 Bg4 6. h3 Bh5 7. g4 Bg6 8. d3 e6
9. Be3 Be7 10. Nbd2 d5 11. e5 Nd7 12. d4 cxd4 13. cxd4 Qb6 14. Bxg6 hxg6 15. Qb3
Qa6 16. Rc1 Nb4 17. Kd1 O-O 18. a3 Nc6 19. Ne1 Rfc8 20. Qd3 Qa5 21. Nc2 b5 22.
Ke2 Qa6 23. Nb3 Ndxe5 24. dxe5 Nxe5 25. Qd1 b4+ 26. Ke1 Nd3+ 27. Kd2 Nxc1 28.
Qxc1 bxa3 29. bxa3 Qc4 30. Ncd4 e5 31. Qxc4 dxc4 0-1

[Event "FIDE World Bl Team Pool C"]
[Site "London ENG"]
[Date "2025.06.14"]
[Round "8.6"]
[White "Dauren, Darmen"]
[Black "Mukanov, Iskender"]
[Result "0-1"]
[WhiteElo "2008"]
[BlackElo "1715"]
[WhiteTeam "Rookies"]
[BlackTeam "Youth KG"]
[WhiteFideId "13755579"]
[BlackFideId "13829599"]
[EventDate "2025.06.14"]
[EventType "team"]

1. d4 d5 2. Bf4 Nf6 3. e3 Bf5 4. c4 e6 5. Nc3 Nbd7 6. Nf3 c6 7. Qb3 Qc8 8. Be2
Be7 9. h3 h6 10. O-O O-O 11. Ne5 dxc4 12. Nxc4 Bg6 13. Bd6 Re8 14. Bxe7 Rxe7 15.
Nd6 Qc7 16. Qxb7 Qxb7 17. Nxb7 Rb8 18. Na5 Rxb2 19. Nxc6 Re8 20. Bf3 a6 21. Na4
Rc2 22. Rfc1 Kh7 23. Rxc2 Bxc2 24. Nb2 Rc8 25. Ne5 Nxe5 26. dxe5 Nd7 27. Rc1
Nxe5 28. Rxc2 Nxf3+ 29. gxf3 Rxc2 30. Nd3 Rxa2 31. Kf1 a5 32. Ke1 a4 33. Kd1 a3
34. Kc1 Ra1+ 35. Kc2 Rh1 36. Kb3 Rxh3 37. f4 h5 38. Kxa3 h4 39. Ne5 Rh2 40. Nxf7
Rxf2 41. Kb3 Kg6 42. Ng5 Re2 43. e4 Rf2 44. Nxe6 h3 45. f5+ Kf6 46. Nc5 h2 0-1

[Event "FIDE World Bl Team Pool C"]
[Site "London ENG"]
[Date "2025.06.14"]
[Round "8.1"]
[White "Fromm, Marius"]
[Black "Tan, Justin2"]
[Result "1/2-1/2"]
[WhiteTitle "IM"]
[BlackTitle "GM"]
[WhiteElo "2444"]
[BlackElo "2512"]
[WhiteTeam "Berlin Chess Federation"]
[BlackTeam "Wood Green Youth"]
[WhiteFideId "12993190"]
[BlackFideId "3206882"]
[EventDate "2025.06.14"]
[EventType "team"]

1. e4 c5 2. Nf3 Nc6 3. Bb5 g6 4. O-O Bg7 5. Bxc6 bxc6 6. Re1 d6 7. h3 Qc7 8. c3
Nf6 9. d4 cxd4 10. cxd4 O-O 11. Nc3 c5 12. e5 dxe5 13. dxe5 Rd8 14. Qa4 Nh5 15.
Be3 Bb7 16. Ne4 c4 17. Ned2 Bd5 18. Rac1 Qb7 19. Qc2 Rac8 20. Red1 Bh8 21. Bg5
Ng7 22. Re1 Ne6 23. Ne4 Nc5 24. Nxc5 Rxc5 25. Re3 Rb8 26. b3 Rbc8 27. Qd2 Bxf3
28. Rxf3 Bxe5 29. bxc4 Bg7 30. Rb3 Qc7 31. Be3 Rc6 32. c5 Be5 33. Rcb1 Rd8 34.
Qc2 Qc8 35. Qe4 Re6 36. Qb7 a6 37. Qxc8 Rxc8 38. Rb6 Rec6 39. Rxc6 Rxc6 40. Kf1
f5 41. g3 Kf7 42. Ke2 Bc7 43. Kd3 Ke6 44. Kc4 Kd7 45. Rd1+ Kc8 46. Kd5 Kd7 47.
Kc4+ Kc8 48. a4 Re6 49. Rd4 Bxg3 50. fxg3 Rxe3 51. Kd5 Kc7 52. Rh4 e6+ 53. Kd4
Rxg3 54. Rxh7+ Kc6 55. Ra7 Rxh3 56. Rxa6+ Kd7 57. Ra7+ Kc8 58. Ke5 Rc3 59. Kd6
Rd3+ 60. Kc6 Kd8 61. a5 f4 62. a6 f3 63. Rf7 Ke8 64. Rf4 Ra3 65. a7 g5 66. Rxf3
Rxa7 67. Kd6 Rd7+ 68. Kxe6 Rh7 69. Ra3 Rh6+ 70. Kd5 Rg6 71. Ra8+ Kd7 72. Ra7+
Kd8 73. Ra8+ Kc7 74. Ra7+ Kb8 75. Ra3 g4 76. Rg3 Kc7 77. Ke4 1/2-1/2

[Event "FIDE World Bl Team Pool C"]
[Site "London ENG"]
[Date "2025.06.14"]
[Round "8.2"]
[White "Derakhshani, Borna"]
[Black "Schneider, Ilja"]
[Result "1/2-1/2"]
[WhiteTitle "FM"]
[BlackTitle "IM"]
[WhiteElo "2348"]
[BlackElo "2417"]
[WhiteTeam "Wood Green Youth"]
[BlackTeam "Berlin Chess Federation"]
[WhiteFideId "12518450"]
[BlackFideId "4663306"]
[EventDate "2025.06.14"]
[EventType "team"]

1. e4 e5 2. Nf3 Nc6 3. Bb5 a6 4. Ba4 Bc5 5. c3 Nge7 6. O-O Ba7 7. d4 Ng6 8. Bxc6
dxc6 9. Nxe5 Nxe5 10. dxe5 Qh4 11. Qf3 Rg8 12. Nd2 Bg4 13. Qg3 Qxg3 14. hxg3
O-O-O 15. Nf3 h6 16. Nd4 Bxd4 17. cxd4 Rxd4 18. f3 Be6 19. Be3 Rd3 20. Kf2 Rgd8
21. g4 b6 22. g5 h5 23. b3 c5 24. Rac1 a5 25. Ke2 Kb7 26. Rfd1 Rxd1 27. Rxd1
Rxd1 28. Kxd1 c4 29. Kc2 cxb3+ 30. axb3 Kc6 31. Kc3 Kb5 32. g6 fxg6 33. Bg5 Kc6
34. Be7 Bc8 35. g3 Kd7 36. Bf8 g5 37. Bxg7 h4 38. gxh4 gxh4 39. Bh6 h3 40. Bf4
c5 41. Bh2 Bb7 42. Kd3 b5 43. f4 a4 44. bxa4 bxa4 45. f5 Bxe4+ 46. Kxe4 a3 47.
e6+ Ke7 48. Be5 a2 49. Kd5 h2 50. f6+ Kf8 51. Bd6+ Kg8 52. f7+ Kh7 53. Bxh2 a1=Q
54. f8=Q Qa2+ 55. Kc6 Qxe6+ 56. Bd6 Qe4+ 57. Kxc5 Qe3+ 58. Kc6 Qe4+ 59. Kd7 Qg4+
60. Kc6 Qc4+ 61. Bc5 Qe6+ 62. Kb5 Qb3+ 63. Kc6 Qe6+ 64. Kc7 Qe5+ 65. Bd6 Qg7+ 1/2-1/2

[Event "FIDE World Bl Team Pool C"]
[Site "London ENG"]
[Date "2025.06.14"]
[Round "8.3"]
[White "Florstedt, Johannes"]
[Black "Haydon, David L"]
[Result "0-1"]
[WhiteTitle "FM"]
[BlackTitle "FM"]
[WhiteElo "2391"]
[BlackElo "2284"]
[WhiteTeam "Berlin Chess Federation"]
[BlackTeam "Wood Green Youth"]
[WhiteFideId "12922293"]
[BlackFideId "415405"]
[EventDate "2025.06.14"]
[EventType "team"]

1. e4 Nf6 2. e5 Nd5 3. c4 Nb6 4. c5 Nd5 5. Bc4 e6 6. d4 d6 7. cxd6 cxd6 8. Nf3
Nc6 9. O-O Nb6 10. Bd3 Be7 11. Nc3 d5 12. Ne2 Bd7 13. a3 Na5 14. b4 Ba4 15. Qe1
Nb3 16. Rb1 Nxc1 17. Rxc1 Rc8 18. Qd2 O-O 19. Qf4 h6 20. Qg4 Qd7 21. Nf4 Rxc1
22. Rxc1 Rc8 23. Ra1 Qe8 24. Nh5 Qf8 25. Ne1 Bd7 26. b5 f5 27. exf6 Bxf6 28. Qg6
Bxd4 29. Qh7+ Kf7 30. Rd1 Ke7 31. Nf3 Bf6 32. h4 Be8 33. Nf4 Bf7 34. Re1 Qg8 35.
Nxe6 Bxe6 36. Qxg8 Rxg8 37. Bf5 Re8 38. Rxe6+ Kf8 39. Rd6 Rd8 40. Re6 Re8 41.
Rd6 Be7 42. Re6 Bxa3 43. Nd4 Bc5 44. Bg6 Re7 45. Rxe7 Kxe7 46. Nf5+ Kf6 47. h5
Nd7 0-1

[Event "FIDE World Bl Team Pool C"]
[Site "London ENG"]
[Date "2025.06.14"]
[Round "8.4"]
[White "Balaji, Aaravamudhan"]
[Black "Schulze, Lara"]
[Result "1-0"]
[WhiteTitle "IM"]
[BlackTitle "FM"]
[WhiteElo "2346"]
[BlackElo "2317"]
[WhiteTeam "Wood Green Youth"]
[BlackTeam "Berlin Chess Federation"]
[WhiteFideId "436224"]
[BlackFideId "12956830"]
[EventDate "2025.06.14"]
[EventType "team"]

1. d4 Nf6 2. c4 e6 3. Nc3 Bb4 4. e3 O-O 5. Bd3 d5 6. a3 Bxc3+ 7. bxc3 dxc4 8.
Bxc4 c5 9. Ne2 Qc7 10. Ba2 Nc6 11. O-O e5 12. d5 Na5 13. c4 b6 14. Bb2 Nb7 15.
f4 Nd7 16. fxe5 Re8 17. e6 fxe6 18. Nf4 e5 19. Ne6 Qd6 20. Qh5 Rxe6 21. Qf7+ Kh8
22. dxe6 Nf6 23. Rxf6 gxf6 24. Qxf6+ Kg8 25. Bxe5 Qxe6 26. Qg7# 1-0

[Event "FIDE World Bl Team Pool C"]
[Site "London ENG"]
[Date "2025.06.14"]
[Round "8.5"]
[White "Rath, Alina"]
[Black "Camp, Imogen A L"]
[Result "1/2-1/2"]
[WhiteTitle "CM"]
[BlackTitle "WCM"]
[WhiteElo "2019"]
[BlackElo "1915"]
[WhiteTeam "Berlin Chess Federation"]
[BlackTeam "Wood Green Youth"]
[WhiteFideId "24607886"]
[BlackFideId "1802240"]
[EventDate "2025.06.14"]
[EventType "team"]

1. c4 e6 2. g3 d5 3. Bg2 c6 4. Nf3 Nf6 5. b3 Bd6 6. Bb2 Nbd7 7. O-O O-O 8. d3
Qe7 9. Qc2 e5 10. e4 d4 11. h3 b5 12. Nbd2 Bb7 13. a4 a6 14. Bc1 Nc5 15. Nh4 Bc8
16. axb5 cxb5 17. cxb5 a5 18. Nc4 Bd7 19. b6 Rfb8 20. Bd2 g6 21. Bxa5 Bb5 22.
Rfb1 Ra6 23. Bf1 Nb7 24. Bd2 Rxa1 25. Rxa1 Nd7 26. Nf3 Bxc4 27. bxc4 Nxb6 28.
Rb1 Nd7 29. Qa4 Nbc5 30. Rxb8+ Bxb8 31. Qa8 Kg7 32. Bb4 Bd6 33. Bd2 h6 34. Be2
Nb3 35. Be1 Nbc5 36. Kg2 Nb3 37. Qa2 Nbc5 38. Bd2 Qd8 39. Qb2 Qb8 40. Qxb8 Bxb8
41. Ne1 g5 42. h4 f6 43. Kh3 Kg6 44. h5+ Kf7 45. Bg4 Nb6 46. Bb4 Nba4 47. Bd1
Bc7 48. Kg4 Ke6 49. Bxc5 Nxc5 50. Bc2 Bd8 51. f4 Bc7 52. fxg5 fxg5 53. Nf3 Ba5
54. Nh2 Bd2 55. Nf1 Bc3 56. Kf3 Kf6 57. g4 Ke6 58. Ng3 Nd7 59. Nf5 Bb4 60. Nxh6
Be7 61. Nf5 Bf8 62. h6 Kf6 63. Ba4 Nc5 64. Bc2 Kg6 65. Ke2 Bxh6 66. Ne7+ Kf6 67.
Nd5+ Ke6 68. Kd2 Bf8 69. Kc1 Bd6 70. Kb2 Kd7 71. Nf6+ Kc6 72. Nd5 Bf8 73. Bb1
Bd6 74. Kc2 Bf8 75. Kd2 Bd6 76. Bc2 Bf8 77. Nf6 Be7 78. Nd5 Bd6 79. Ke2 Bf8 80.
Kf3 Bd6 81. Nf6 Be7 82. Nh5 Kd7 83. Ng3 Ke6 84. Nf5 Bf8 85. Ke2 Kd7 86. Kd2 Kc6
87. Kc1 Kd7 88. Kb2 Kc6 89. Ng3 Be7 90. Ne2 Bf8 91. Nc1 Be7 92. Nb3 Nxb3 93.
Bxb3 Kc5 94. Ba4 Bd6 95. Kb3 Bc7 96. Bd7 Bb6 97. Ka4 Bc7 98. Bf5 Bb6 1/2-1/2

[Event "FIDE World Bl Team Pool C"]
[Site "London ENG"]
[Date "2025.06.14"]
[Round "8.6"]
[White "Ivanov, Elizabeth"]
[Black "Ziems, Michael"]
[Result "1-0"]
[WhiteElo "1738"]
[BlackElo "1904"]
[WhiteTeam "Wood Green Youth"]
[BlackTeam "Berlin Chess Federation"]
[WhiteFideId "427284"]
[BlackFideId "24678490"]
[EventDate "2025.06.14"]
[EventType "team"]

1. e4 e6 2. d4 d5 3. exd5 exd5 4. c3 Nf6 5. Bd3 Bd6 6. Bg5 O-O 7. Ne2 c6 8. O-O
Bxh2+ 9. Kxh2 Ng4+ 10. Kg1 Qxg5 11. Nd2 Nd7 12. Nf3 Qh6 13. Ng3 Ndf6 14. Re1 Bd7
15. Bf5 Qf4 16. Bxd7 Nxd7 17. Re7 Ngf6 18. Qc2 g6 19. Rae1 Rfe8 20. R1e2 Qd6 21.
Rxe8+ Rxe8 22. Qd2 Rxe2 23. Qxe2 Kg7 24. Nh4 Qe6 25. Qd2 Ne4 26. Qe3 Nxg3 27.
Qxg3 Nf6 28. Nf3 Ne4 29. Qc7 Qf5 30. Qxb7 g5 31. Qe7 g4 32. Qe5+ Qxe5 33. Nxe5
c5 34. Nc6 cxd4 35. Nxd4 a6 36. Nc6 Nd2 37. Nb4 Nc4 38. b3 Nd2 39. Nxd5 Kg6 1-0

[Event "FIDE World Bl Team Pool C"]
[Site "London ENG"]
[Date "2025.06.14"]
[Round "9.1"]
[White "Mamedyarov, Shakhriyar"]
[Black "Abdusattorov, Nodirbek"]
[Result "0-1"]
[WhiteTitle "GM"]
[BlackTitle "GM"]
[WhiteElo "2746"]
[BlackElo "2767"]
[WhiteTeam "Generation XYZA"]
[BlackTeam "Uzbekistan"]
[WhiteFideId "13401319"]
[BlackFideId "14204118"]
[EventDate "2025.06.14"]
[EventType "team"]

1. c4 e5 2. Nf3 Nc6 3. g3 g6 4. d4 exd4 5. Nxd4 Bg7 6. Nxc6 dxc6 7. Qxd8+ Kxd8
8. Nc3 Be6 9. e4 a5 10. Be3 Nf6 11. O-O-O+ Kc8 12. h3 a4 13. f4 a3 14. b3 Re8
15. Bd4 Nh5 16. Bxg7 Nxg7 17. g4 f6 18. Bg2 Bf7 19. f5 Re7 20. Rhe1 Ra5 21. Rf1
Ne8 22. h4 Rae5 23. g5 gxf5 24. Rxf5 fxg5 25. hxg5 Nd6 26. Rxe5 Rxe5 27. Bh3+
Kb8 28. Rg1 Bg6 29. Kd2 Nxe4+ 30. Nxe4 Rxe4 31. Rg3 c5 32. Bf1 Rd4+ 33. Bd3 Ka7
34. Kc3 Rxd3+ 35. Rxd3 Bxd3 36. Kxd3 Kb6 37. Ke4 Ka5 38. Kf5 Kb4 39. Kf6 Kc3 40.
Kg7 Kb2 41. Kxh7 Kxa2 42. g6 Kxb3 43. g7 a2 44. g8=Q a1=Q 45. Qg3+ Kxc4 46. Qxc7
Qh1+ 47. Kg7 Qg2+ 48. Kf8 Qf3+ 49. Kg7 b5 50. Qa5 Qc3+ 0-1

[Event "FIDE World Bl Team Pool C"]
[Site "London ENG"]
[Date "2025.06.14"]
[Round "9.2"]
[White "Sindarov, Javokhir"]
[Black "Gurel, Ediz"]
[Result "1-0"]
[WhiteTitle "GM"]
[BlackTitle "GM"]
[WhiteElo "2710"]
[BlackElo "2636"]
[WhiteTeam "Uzbekistan"]
[BlackTeam "Generation XYZA"]
[WhiteFideId "14205483"]
[BlackFideId "44507356"]
[EventDate "2025.06.14"]
[EventType "team"]

1. e4 c5 2. Nf3 e6 3. d4 cxd4 4. Nxd4 Nc6 5. Nxc6 bxc6 6. Bd3 d5 7. O-O Nf6 8.
e5 Nd7 9. Re1 a5 10. Nd2 Ba6 11. c4 Be7 12. Qg4 O-O 13. Nf3 g6 14. b3 dxc4 15.
Bxc4 Bxc4 16. Qxc4 Qc7 17. h4 h5 18. Bg5 Bxg5 19. Nxg5 Rad8 20. Qf4 Nb6 21. Ne4
f5 22. Nd6 Nd5 23. Qg5 Kh7 24. Rac1 Rd7 25. Rc4 Qb6 26. Rec1 Nb4 27. Qd2 Qb5 28.
Qe2 Qa6 29. a3 Nd5 30. Qd2 Ne7 31. Rc5 Ra8 32. R1c3 Qb6 33. Qg5 Rf8 34. R5c4 Qd8
35. Rg3 Ra7 36. Kh2 Qd7 37. Rd4 Qc7 38. Nc4 Rg8 39. Rd6 Qc8 40. Nb6 Qf8 41. Rxe6
Rb7 42. Nc4 f4 43. Rf3 Nd5 44. Nd6 Rd7 45. Ne4 Rf7 46. Rxc6 Rf5 47. Nf6+ Kh8 48.
Rc8 Rxg5 49. Rxf8 Rxf8 50. hxg5 Nc7 51. Rxf4 Ne6 52. Rc4 Nxg5 53. Rc7 Nf7 54. e6 1-0

[Event "FIDE World Bl Team Pool C"]
[Site "London ENG"]
[Date "2025.06.14"]
[Round "9.3"]
[White "Solak, Dragan"]
[Black "Yakubboev, Nodirbek"]
[Result "1/2-1/2"]
[WhiteTitle "GM"]
[BlackTitle "GM"]
[WhiteElo "2591"]
[BlackElo "2659"]
[WhiteTeam "Generation XYZA"]
[BlackTeam "Uzbekistan"]
[WhiteFideId "916811"]
[BlackFideId "14203987"]
[EventDate "2025.06.14"]
[EventType "team"]

1. e4 e5 2. Nf3 Nc6 3. Bb5 a6 4. Bxc6 dxc6 5. Nc3 f6 6. d4 exd4 7. Qxd4 Qxd4 8.
Nxd4 Bd7 9. Be3 O-O-O 10. O-O-O Bd6 11. Nb3 Be6 12. Nc5 Bf7 13. Nd3 b6 14. Bf4
Bf8 15. Bg3 a5 16. Nf4 Re8 17. f3 Ne7 18. a3 Ng6 19. Nxg6 hxg6 20. Rhe1 g5 21.
h3 Bc5 22. Rd2 Rd8 23. Rxd8+ Rxd8 24. Nd1 Bc4 25. Bh2 g6 26. Bg1 Bd6 27. Be3 Bg3
28. Rh1 Kd7 29. Nc3 Ke6 30. Nd1 Kf7 31. Nf2 Be6 32. Nd3 c5 33. Rd1 Rh8 34. Nf2
f5 35. exf5 gxf5 36. Nd3 Kf6 37. Bd2 Rd8 38. Be1 Bxe1 39. Rxe1 c4 40. Nf2 c3 41.
bxc3 Bc4 42. Nd1 Be6 43. Nf2 Bc4 44. Nd1 Be6 45. Ne3 Rd6 46. Rd1 Rc6 47. Rd3 Rc5
48. Kd2 Rb5 49. Kc1 Rc5 50. Nd1 Bc4 51. Rd2 Ba6 52. Ne3 Ke6 53. Rd1 Rxc3 54. Re1
Rc5 55. Kd2 Kf6 56. g3 Bb7 57. f4 gxf4 58. gxf4 Be4 59. c4 Rc6 60. Kc3 Kg6 61.
Rg1+ Kh5 62. Nxf5 Bxf5 63. Rg5+ Kh4 64. Rxf5 Kxh3 65. Rg5 Rf6 66. Rg7 c5 67. Rg5
Rxf4 68. Rg6 Rf3+ 69. Kb2 Rf4 70. Kb3 a4+ 71. Kxa4 Rxc4+ 72. Kb3 Rd4 73. Rxb6
Kg4 74. Rf6 Kg5 75. Rf1 Kg6 76. a4 Rb4+ 77. Ka3 Rb8 78. Rf2 c4 79. Rf3 Kg5 80.
a5 Kg4 81. Rc3 Kf5 82. Rxc4 Ke5 83. Ka4 Kd6 84. a6 Rb1 85. Ka5 Ra1+ 86. Kb6 Rb1+
87. Ka5 Ra1+ 88. Kb6 Rb1+ 89. Ka7 Kd7 90. Rc2 Rb3 91. Ka8 Rb6 92. Ka7 Rb1 93.
Rh2 Kc7 94. Rh7+ Kc8 95. Rb7 Rc1 96. Rb3 Kc7 1/2-1/2

[Event "FIDE World Bl Team Pool C"]
[Site "London ENG"]
[Date "2025.06.14"]
[Round "9.4"]
[White "Kasimdzhanov, Rustam"]
[Black "Erdogmus, Yagiz Kaan"]
[Result "0-1"]
[WhiteTitle "GM"]
[BlackTitle "GM"]
[WhiteElo "2675"]
[BlackElo "2626"]
[WhiteTeam "Uzbekistan"]
[BlackTeam "Generation XYZA"]
[WhiteFideId "14200244"]
[BlackFideId "44599790"]
[EventDate "2025.06.14"]
[EventType "team"]

1. e4 e5 2. Nf3 Nc6 3. Bb5 a6 4. Ba4 Nf6 5. O-O Bc5 6. c3 O-O 7. d4 Ba7 8. dxe5
Nxe4 9. Bf4 d5 10. exd6 Nxd6 11. Nbd2 Bf5 12. Bc2 Bxc2 13. Qxc2 Qf6 14. Bg3 Rfe8
15. Rae1 Bb6 16. Bxd6 Qxd6 17. Nc4 Qf6 18. Qb3 Ne7 19. a4 Rab8 20. Nxb6 Qxb6 21.
Qxb6 cxb6 22. Re4 Nc6 23. Rfe1 Rxe4 24. Rxe4 Rd8 25. Kf1 f6 26. Ke2 Kf7 27. Nd2
Ne5 28. f4 Nd3 29. Nc4 b5 30. axb5 axb5 31. Na3 f5 32. Rd4 Rxd4 33. cxd4 Nxb2
34. Nxb5 Ke6 35. Nc7+ Kd7 36. Nd5 Nc4 37. Kd3 b5 38. Kc3 Kd6 39. Nb4 Ne3 40. g3
Nd5+ 41. Kb3 Nxb4 42. Kxb4 Kc6 43. Ka5 g6 44. Kb4 Kd5 45. Kxb5 Kxd4 46. Kc6 Ke4
47. Kd6 Kf3 48. Ke5 Kg2 0-1

[Event "FIDE World Bl Team Pool C"]
[Site "London ENG"]
[Date "2025.06.14"]
[Round "9.5"]
[White "Salimova, Nurgyul"]
[Black "Khamdamova, Afruza"]
[Result "0-1"]
[WhiteTitle "IM"]
[BlackTitle "WIM"]
[WhiteElo "2385"]
[BlackElo "2326"]
[WhiteTeam "Generation XYZA"]
[BlackTeam "Uzbekistan"]
[WhiteFideId "2915138"]
[BlackFideId "14210444"]
[EventDate "2025.06.14"]
[EventType "team"]

1. d4 d5 2. Nf3 Nf6 3. c4 e6 4. Nc3 Be7 5. g3 O-O 6. Bg2 dxc4 7. Ne5 c5 8. dxc5
Qxd1+ 9. Nxd1 Bxc5 10. O-O Nc6 11. Bxc6 bxc6 12. Be3 Bb6 13. Bxb6 axb6 14. Nxc6
Bb7 15. Ne5 Rfc8 16. Nc3 Rc5 17. f4 b5 18. a3 Kf8 19. Rfd1 Ke7 20. Rac1 Ba6 21.
Na2 Rac8 22. Rd4 Rd5 23. Rcd1 Rxd4 24. Rxd4 Bb7 25. Nc3 Rc5 26. e4 Bc8 27. Kf2
Nd7 28. Nxd7 Bxd7 29. e5 Bc6 30. Ke3 f6 31. exf6+ gxf6 32. Rd2 h5 33. Kd4 Rf5
34. Ke3 e5 35. Na2 h4 36. Nb4 Bb7 37. Rf2 hxg3 38. hxg3 exf4+ 39. gxf4 Rh5 40.
Kd4 Kd6 41. Na2 Rh3 42. Rd2 Rf3 43. Nc3 Bc6 44. Nd1 f5 45. Ne3 Rxf4+ 46. Kc3+
Kc5 47. Nd1 Rf3+ 48. Kc2 Be4+ 49. Kc1 Rf1 50. Rd8 Bf3 51. Kc2 Rxd1 52. Rxd1
Bxd1+ 0-1

[Event "FIDE World Bl Team Pool C"]
[Site "London ENG"]
[Date "2025.06.14"]
[Round "9.6"]
[White "Imomkuzieva, Nilufarkhon"]
[Black "Yontar, Sabrican Onay"]
[Result "0-1"]
[WhiteTitle "WFM"]
[WhiteElo "2066"]
[BlackElo "1941"]
[WhiteTeam "Uzbekistan"]
[BlackTeam "Generation XYZA"]
[WhiteFideId "14216736"]
[BlackFideId "6373623"]
[EventDate "2025.06.14"]
[EventType "team"]

1. e4 e5 2. Nf3 Nc6 3. Bc4 Bc5 4. c3 Qe7 5. d3 d6 6. O-O Nf6 7. Nbd2 a6 8. a4
Ba7 9. Re1 h6 10. Nf1 g5 11. b4 Rg8 12. Be3 h5 13. Bxg5 Bg4 14. h4 a5 15. b5 Nd8
16. Ne3 Ne6 17. Nd5 Nxd5 18. Bxe7 Nxe7 19. Bxe6 fxe6 20. Kf1 Ng6 21. Qd2 Bxf3
22. gxf3 Nf4 23. d4 O-O-O 24. Red1 Rdf8 25. Qa2 Rf6 26. Ke1 Rg2 27. Qc4 Bb6 28.
Kd2 Rxf2+ 29. Kc1 Ne2+ 30. Kb1 R6xf3 31. Qxe6+ Kb8 32. Ra3 Nxc3+ 33. Rxc3 Rxc3
34. dxe5 Rcc2 35. exd6 cxd6 36. Qxd6+ Ka7 37. Qa3 Rfe2 38. e5 Rc4 39. Qd3 Rb4+
40. Kc1 Rxe5 41. Rf1 Rc5+ 42. Kd1 Rcc4 43. Ke2 Rd4 44. Qc2 Re4+ 45. Kf3 Rec4 46.
Qd2 Rb3+ 47. Kg2 Rg4+ 48. Kh1 Rh3+ 0-1

[Event "FIDE World Bl Team Pool C"]
[Site "London ENG"]
[Date "2025.06.14"]
[Round "9.1"]
[White "Sapenov, Daniyal"]
[Black "Fromm, Marius"]
[Result "1/2-1/2"]
[WhiteTitle "IM"]
[BlackTitle "IM"]
[WhiteElo "2405"]
[BlackElo "2444"]
[WhiteTeam "Rookies"]
[BlackTeam "Berlin Chess Federation"]
[WhiteFideId "13728911"]
[BlackFideId "12993190"]
[EventDate "2025.06.14"]
[EventType "team"]

1. e4 e6 2. b3 d5 3. Bb2 Nf6 4. e5 Nfd7 5. f4 c5 6. Nf3 Nc6 7. Bb5 Qb6 8. Bxc6
Qxc6 9. O-O Be7 10. Nc3 d4 11. Ne2 b6 12. Ng3 Bb7 13. d3 O-O 14. Qd2 b5 15. Rae1
g6 16. Ne4 a5 17. c3 dxc3 18. Bxc3 b4 19. Bb2 a4 20. Nf6+ Kg7 21. f5 gxf5 22.
Nh4 Bxf6 23. exf6+ Kh8 24. Re3 Rg8 25. Rg3 Rxg3 26. hxg3 Rg8 27. Kh2 Qd6 28. Qe3
axb3 29. axb3 Rg4 30. Rf4 Rxf4 31. gxf4 Qf8 32. Kg1 Qg8 33. Nf3 Qg4 34. Kf2 h6
35. Qc1 Bxf3 36. gxf3 Qh4+ 37. Ke3 Qh5 38. Qa1 Kh7 39. Qa7 Nf8 40. Qe7 Kg8 41.
Qxc5 Qh4 42. Qxb4 Qh2 43. Qd2 Qg1+ 44. Qf2 Qd1 45. b4 Qb3 46. Qd2 Ng6 47. Be5
Qd5 48. d4 Qb3+ 49. Kf2 Nh4 50. Qe2 Qxb4 51. Kg3 Ng6 52. Qe3 Qb1 53. Bd6 Qb7 54.
Bc5 Qd5 55. Qc1 h5 56. Qe3 h4+ 57. Kh3 Qc4 58. Bd6 Qf1+ 59. Kh2 h3 60. Qg1 Qxf3
61. Qg3 Qxg3+ 62. Kxg3 Kh7 63. Kxh3 Kh6 64. Kg3 Kh5 65. Be7 Nh8 66. Bf8 Ng6 67.
Be7 Nh4 68. Bd6 Ng6 69. Be7 Kh6 70. Bd6 Kh7 71. Be7 Kg8 72. Bd6 Nf8 73. Bxf8
Kxf8 74. Kh4 Kg8 75. Kh5 Kh7 76. Kg5 Kg8 77. Kh6 Kh8 78. Kh5 Kh7 79. Kg5 Kg8 80.
Kh6 Kh8 1/2-1/2